Calculator Programs: for the Hydrocarbon Processing Industries
| Main Author: | |
|---|---|
| Format: | Section = Libro |
| Language: | Undetermined Spanish |
| Published: |
London
Gulf Publishing Company
1980
|
| Subjects: |
| LEADER | 00602nam a2200205Ia 4500 | ||
|---|---|---|---|
| 008 | 240830s9999 xx 000 0 und d | ||
| 020 | |a 0-87201-091-0 | ||
| 040 | |a CEDOC FIQ-RUSB / 511 J24 | ||
| 041 | |a spa | ||
| 082 | |a 511 J24 | ||
| 100 | 1 | |a Jagannath, S | |
| 245 | 1 | 0 | |a Calculator Programs: for the Hydrocarbon Processing Industries |
| 260 | |a London |b Gulf Publishing Company |c 1980 | ||
| 300 | |a 224 p.: il. | ||
| 650 | 7 | |a ANÁLISIS NÚMERICO | |
| 650 | 7 | |b ANALISIS FUNCIONES Y CAPACIDADES | |
| 650 | 7 | |c PROGRAMACIÓN PARA EL INGENIERO DE PROCESOS | |
| 942 | |c BK |2 ddc | ||
| 991 | |a TEXTO | ||
| 999 | |c 13108 | ||